Constantes physiques exactes - Statistiques

Statistiques générales
  • Ce quiz a été pris 19 fois
  • Le résultat moyen est 13 sur 57
Statistiques - réponses
Réponse % Correct
2
82%
9
76%
9
71%
7
65%
2
53%
4
53%
5
53%
6,
53%
6,
47%
8
47%
9
47%
0
41%
1,
41%
2
41%
2
35%
6
35%
6
35%
0
29%
2
29%
3
29%
1,
24%
2
24%
1
18%
1
12%
1
12%
1
12%
2
12%
3
12%
3
12%
4
12%
6
12%
6
12%
6
12%
6
12%
7
12%
7
12%
7
12%
8
12%
0
6%
1
6%
3
6%
4
6%
4
6%
5
6%
6
6%
6
6%
6
6%
7
6%
7
6%
9
6%
9
6%
0
0%
0
0%
0
0%
0
0%
8
0%
9
0%
Aucun quiz correspondant
Distribution des résultats
% des personnes avec chaque résultat
Percentile par nombre de réponses
Votre historique - résultats
Vous n’avez pas pris ce quiz